000 00475nam a22001697a 4500
005 20240521025414.0
008 240521b |||||||| |||| 00| 0 eng d
020 _a971-23-0556-2
082 _aFil.808.04990211
100 _aPaz M. Belvez
245 _aGamiting Filipino Pagbasa at Komisyon/
_cPaz M. Belvez
260 _aManila:
_bRex Book Store,
_cc1990
300 _avii, 266p.
504 _aIncludes Index
541 _e2925 c.1, 4089 c.2, 4090 c.3
650 _aFilipino
999 _c2302
_d2302